| 000 | 01539nam0a22003131 4500 | ||
|---|---|---|---|
| 001 | rc\4116224 | ||
| 005 | 20260406163645.0 | ||
| 021 |
_aRU _b[49-29202] |
||
| 035 | _a(NLR Aleph) 008149027 | ||
| 090 |
_a7775078 _c7775078 |
||
| 100 | _a20130415d1949 |||y0rusy50 ca | ||
| 101 | 0 | _arus | |
| 102 | _aRU | ||
| 105 | _aa z ||||| | ||
| 200 | 1 |
_aНовое грибковое заболевание лошадей и людей _e[Стахиботриотоксикоз] _e[Сборник статей _fОтв. ред. действ. чл. АН УССР В.Г. Дроботько] _gАкад. наук Укр. ССР. Ин-т микробиологии им. Д.К. Заболотного |
|
| 210 |
_aКиев _cИзд-во и тип. Изд-ва Акад. наук Укр. ССР _d1949 |
||
| 215 |
_a115 с. _cил. _d22 |
||
| 300 | _aВ части тиража на тит. л. и обл. загл.: Стахиботриококсикс | ||
| 320 | _aБиблиогр. в конце статей | ||
| 512 | 0 | _aСтахиботриококсикоз | |
| 606 |
_aЛошади _xБолезни кожные, грибковые _2psbo |
||
| 606 |
_aСтахиботриотоксикоз _2psbo |
||
| 702 | 1 |
_aДроботько _bВ.Г. _gВиктор Григорьевич _4340 |
|
| 712 | 0 | 2 |
_aИнститут микробиологии им. Д. К. Заболотного _cКиев _3RU\NLR\AUTH\889935056 _9365077 |
| 801 | 0 |
_aRU _bNLR _gpsbo |
|
| 801 | 1 |
_aRU _bELAR _2rusmarc |
|
| 852 |
_aNLR _jВт02 Г-5/64 |
||
| 942 | _cBOOK | ||
| 980 | _aNB | ||